| 000 | 01136cam a2200301Ia 4500 | ||
|---|---|---|---|
| 001 | 7759693 | ||
| 003 | ARRUPE | ||
| 005 | 20150421144956.0 | ||
| 006 | m d f | ||
| 007 | cr bn||||||||| | ||
| 008 | 090127s2004 mdua s f000 0 eng d | ||
| 035 | _a(GPO)99264083 | ||
| 035 | _a(OCoLC)ocn299755523 | ||
| 040 |
_aGPO _cGPO _dMvI |
||
| 049 | _aZCUZ | ||
| 050 | _aRC564.U58 | ||
| 099 | _aUS Government Documents | ||
| 110 |
_aUnited States-Department of Health _917391 |
||
| 245 | 0 | 0 |
_aWhat is substance abuse treatment? _ba booklet for families. |
| 260 |
_aRockville, MD : _bU.S. Dept. of Health and Human Services _c[n.d.] |
||
| 300 | _aiii, 31 p. : | ||
| 490 | 1 |
_aDHHS publication ; _vno. (SMA) 04-3955 |
|
| 538 | _aMode of access: Internet from the SAMHSA web site. Address as of 1/26/2009: http://kap.samhsa.gov/products/brochures/pdfs/WhatIsTx.pdf ; current access available via PURL. | ||
| 650 | 0 |
_aSubstance related disorders _xTheory _917250 |
|
| 710 | 2 |
_aCenter for Substance Abuse Treatment (U.S.) _917254 |
|
| 776 | 0 |
_tWhat is substance abuse treatment _h31 p. _w(OCoLC)56587582 |
|
| 942 |
_2lcc _cMONOGRAPH |
||
| 999 |
_c122689 _d122689 |
||